Statystyki dla Co zmieniamy bardzo rzadko co kilka lat?

Kliknij tutaj aby rozwiązać quiz!

Ogólne statystyki

  • Ten quiz został rozwiązany 33 razy
  • Średni wynik to 3 z 7

Statystyki odpowiedzi

Odpowiedź% Poprawnych
Samochód
100%
Mieszkanie
67%
Telewizor
56%
Pracę
48%
Meble
37%
Lodówkę
22%
Pralkę
19%

Rozkład punktacji

Percentyl według liczby udzielonych odpowiedzi

Procent ludzi z każdym wynikiem

Twoja historia wyników

Nie rozwiązałeś tego quizu